Sistema de control de matrícula, realización de pagos y control académico en el Colegio Jehová es mi Proveedor
Presenta un sistema de control de matrícula, realización de pagos y registro académico en el Colegio Jehová es mi Pastor. Presenta una metodología orientada a objetos como lo es (Proceso Unificado Racional) para modelar el comportamiento del sistema de negocios de información automatizada. Uti...
| Main Authors: | , , |
|---|---|
| Other Authors: | |
| Format: | Tesis Section = Libro |
| Language: | Undetermined Spanish |
| Published: |
Managua
UNI
2008
|
| Subjects: |
| LEADER | 01402nam a2200253Ia 4500 | ||
|---|---|---|---|
| 008 | 240830s9999 xx 000 0 und d | ||
| 040 | |a BIBLIOTECA-RUPAP T.Mon 003 M385 | ||
| 041 | |a spa | ||
| 082 | |a T.Mon 003 M385 | ||
| 100 | 1 | |a Martínez Novoa, Gabriel Antonio | |
| 100 | 1 | |b Martínez Zamora, Graciela María | |
| 100 | 1 | |c Sequeira Jiménez, Yorling Lizeth | |
| 245 | 1 | 0 | |a Sistema de control de matrícula, realización de pagos y control académico en el Colegio Jehová es mi Proveedor |
| 260 | |a Managua |b UNI |c 2008 | ||
| 300 | |a 169 p. :il. | ||
| 502 | |a Tesis (Ingeniero de Sistemas)- UNI, 2008. | ||
| 520 | 3 | |a Presenta un sistema de control de matrícula, realización de pagos y registro académico en el Colegio Jehová es mi Pastor. Presenta una metodología orientada a objetos como lo es (Proceso Unificado Racional) para modelar el comportamiento del sistema de negocios de información automatizada. Utiliza los artefactos de UML para representar los datos y casos de usos del sistema informático. Plantea una propuesta del diseño Red y demás equipo necesarios para el Colegio Jehová es mi Proveedor. | |
| 650 | 7 | |a SISTEMAS - CONTROL ACADÉMICO - MATRICULA - PAGOS | |
| 650 | 7 | |b ANÁLISIS Y DISEÑO DE SISTEMAS | |
| 650 | 7 | |c IMPLEMENTACIÓN DEL SISTEMA | |
| 700 | 1 | |a Tutor: |b Lacayo Cruz, Patricia del Carmen | |
| 942 | |c BK |2 ddc | ||
| 991 | |a TESIS | ||
| 999 | |c 17987 | ||